| 000 | 01036cam a2200313 a 4500 | ||
|---|---|---|---|
| 001 | 2562127 | ||
| 003 | OSt | ||
| 005 | 20230130051536.0 | ||
| 008 | 950915s1996 pau b 001 0 eng c | ||
| 010 | _a 95042001 | ||
| 020 | _a0721649912 | ||
| 040 |
_aMMU _cMMU _beng _dMMU |
||
| 043 | _an-us--- | ||
| 050 | 0 | 0 |
_aRT85 _b.H24 1996 |
| 060 | 1 | 0 | _aWY 85 H177n 1996 |
| 082 | 0 | 0 |
_a174/.2 _220 |
| 100 | 1 |
_aHall, Jacqulyn K. _q(Jacqulyn Kay) |
|
| 245 | 1 | 0 |
_aNursing ethics and law / _cJacqulyn K. Hall. |
| 260 |
_aPhiladelphia : _bSaunders, _cc1996. |
||
| 300 |
_axi, 508 p. : _c23 cm. |
||
| 504 | _aIncludes bibliographical references and index. | ||
| 650 | 0 | _aNursing ethics. | |
| 650 | 0 |
_aNursing _xLaw and legislation _zUnited States. |
|
| 650 | 1 | 2 | _aEthics, Nursing. |
| 650 | 2 | 2 |
_aLegislation, Nursing _zUnited States. |
| 906 |
_a7 _bcbc _corignew _d1 _eocip _f19 _gy-gencatlg |
||
| 942 |
_2lcc _cLOAN LOAN |
||
| 999 |
_c16153 _d16153 |
||